00883nam a22001937a 4500003000900000005001700009008004100026040001300067100002700080245004500107250000600152260002100158300002000179490000700199520035400206942001200560999001700572952010000589IT-RoPau20220918175940.0130204b xxu||||| |||| 00| 0 eng d cIT-RoPau aChiesa, Francesco9346 aMetaphysica specialisbin usum scholarum aI aAlbabPSSPc1936 a569 p.c21,5 cm vII aIndex Cosmologia Caput I. De causa efficiente mundi Caput II. De causa constitutiva corporum Caput III. De mundi causa finali Anthropologia Caput I. De causa efficiente hominis Caput II. De causa constitutiva hominis Caput III. De causa finali hominis Theodicæ Caput I. De existentia Dei Caput II. De natura Dei Caput III. De Divinis attributis  2ddccBK c37967d37967 00102ddc406P_B571aPAULUSbPAULUSd2013-02-04l0oP B5r2013-02-04 00:00:00w2013-02-04yBK